000 00436nam a2200205Ia 4500
008 240510s9999 xx 000 0 und d
020 _a812031459X
041 _aEng
082 _a004.678
082 _bC55
100 _aCOMER, D.E.
245 4 _aTHE INTERNET BOOK
250 _a2nd ed.
260 _bPRINTICE HALL : NEW DELHI
260 _c1997
300 _a327 p.
650 _aINTERNET
942 _2ddc
942 _cLBK
999 _c26726
_d26726
945 _a1
_bMadushi Gamage
_c1
_dMadushi Gamage